Fr. Conceicao Rodrigues College of Engineering

Mathematics for Computers students (Record no. 22155)

MARC details
000 -LEADER
fixed length control field 00302nam a2200145Ia 4500
082 ## - DEWEY DECIMAL CLASSIFICATION NUMBER
Classification number 510
100 ## - MAIN ENTRY--PERSONAL NAME
Personal name Wilton/ Rex
245 ## - TITLE STATEMENT
Title Mathematics for Computers students
260 ## - PUBLICATION, DISTRIBUTION, ETC.
Name of publisher, distributor, etc. B.P.B. Pub
Place of publication, distribution, etc. New Delhi
Date of publication, distribution, etc. 1994
300 ## - PHYSICAL DESCRIPTION
Extent 351
546 ## - LANGUAGE NOTE
Language note ENGLISH
654 ## - SUBJECT ADDED ENTRY--FACETED TOPICAL TERMS
Focus term Maths
942 ## - ADDED ENTRY ELEMENTS (KOHA)
Koha item type BOOK
Holdings
Withdrawn status Lost status Damaged status Not for loan Collection Home library Current library Shelving location Date acquired Source of acquisition Cost, normal purchase price Total Checkouts Full call number Barcode Date last seen Cost, replacement price Price effective from Koha item type
        CRC Fr. Agnel's C.Rodrigues College of Engineering Fr. Agnel's C.Rodrigues College of Engineering   17/03/2023 global books 99.00   510 5407 17/03/2023 99.00 17/03/2023 BOOK
        CRC Fr. Agnel's C.Rodrigues College of Engineering Fr. Agnel's C.Rodrigues College of Engineering   17/03/2023   99.00   510 5408 17/03/2023 99.00 17/03/2023 BOOK